Harry Potter: le Chicaneur - Statistiques

Statistiques générales
  • Ce quiz a été pris 57 fois
  • Le résultat moyen est 4 sur 5
Statistiques - réponses
Information Réponses % Correct
Dernière apparition Harry Potter et les Reliques de la Mort
94%
Première apparition Harry Potter et l'Ordre du Phénix
94%
Editeur Xenophilius Lovegood
94%
Format Journal
77%
Sujet "Vérités" sur le monde des sorciers
30%
Aucun quiz correspondant
Distribution des résultats
% des personnes avec chaque résultat
Percentile par nombre de réponses
Votre historique - résultats
Vous n’avez pas pris ce quiz